[Event "Peterhof op"]
[Site "Peterhof"]
[Date "2009.01.08"]
[Round "9"]
[White "Fedorov, Sergey"]
[Black "Fedoseeva, Valentina"]
[Result "1-0"]
[WhiteElo "2134"]
[BlackElo "1766"]
[PlyCount "99"]
[EventDate "2009.01.03"]
[EventType "swiss"]
[EventRounds "9"]
[EventCountry "RUS"]
[SourceTitle "CBM 128 Extra"]
[Source "ChessBase"]
[SourceDate "2009.03.05"]
[SourceVersion "2"]
[SourceVersionDate "2009.03.25"]
[SourceQuality "1"]

1. d4 Nf6 2. c4 e6 3. g3 d5 4. cxd5 exd5 5. Bg2 c5 6. Nf3 Nc6 7. 0-0 Qb6 8. dxc5 Bxc5 9. Nc3 0-0 10. Nxd5 Nxd5 11. Qxd5 Nd4 12. Nxd4 Bxd4 13. e3 Bf6 14. Rb1 Rd8 15. Qf3 Be6 16. Qxb7 Qxb7 17. Bxb7 Rab8 18. Bg2 Bxa2 19. Ra1 Bc4 20. Re1 Be7 21. Kh1 Bb4 22. Rg1 Rd7 23. h4 Rbd8 24. Bf3 a5 25. Kh2 Bb3 26. Kg2 Bd1 27. e4 Bxf3+ 28. Kxf3 Rd3+ 29. Be3 Bd2 30. Rgd1 Bxe3 31. Rxd3 Rxd3 32. fxe3 Rb3 33. Rxa5 g6 34. Ra2 Rb4 35. e5 Kf8 36. e4 Ke7 37. Kf4 Rb6 38. g4 h6 39. h5 gxh5 40. gxh5 Rc6 41. b4 Kf8 42. b5 Rc1 43. Kf5 Kg7 44. b6 Rf1+ 45. Kg4 Rb1 46. Ra6 Kf8 47. Ra8+ Ke7 48. Rb8 Kd7 49. b7 Kc7 50. Rf8 1-0

[Event "Peterhof op"]
[Site "Peterhof"]
[Date "2009.01.04"]
[Round "2"]
[White "Fedorov, Sergey"]
[Black "Avdonin, Maxim"]
[Result "1/2-1/2"]
[WhiteElo "2134"]
[BlackElo "1661"]
[PlyCount "126"]
[EventDate "2009.01.03"]
[EventType "swiss"]
[EventRounds "9"]
[EventCountry "RUS"]
[SourceTitle "CBM 128 Extra"]
[Source "ChessBase"]
[SourceDate "2009.03.05"]
[SourceVersion "2"]
[SourceVersionDate "2009.03.25"]
[SourceQuality "1"]

1. d4 Nf6 2. c4 e5 3. dxe5 Ng4 4. Nf3 Nc6 5. Bf4 Bb4+ 6. Nc3 Qe7 7. Qd5 Bxc3+ 8. bxc3 Qa3 9. Qd2 Qc5 10. e3 Ngxe5 11. Nxe5 Nxe5 12. Qd4 Qxd4 13. cxd4 Nc6 14. Bxc7 0-0 15. Bd6 Re8 16. g3 Nxd4 17. 0-0-0 Nc6 18. Bg2 a5 19. Rd2 Ra6 20. Rhd1 Re6 21. h4 Nb4 22. Bxb4 axb4 23. Kb2 Ra3 24. Rd6 Ra6 25. c5 Kf8 26. Bh3 Re5 27. Bxd7 Rxc5 28. Bxc8 Rxc8 29. Rd8+ Rxd8 30. Rxd8+ Ke7 31. Rd4 Rf6 32. f4 Re6 33. Rxb4 Rxe3 34. Rxb7+ Kf6 35. Rb3 Re2+ 36. Kb1 Re1+ 37. Kb2 Re2+ 38. Ka3 Kf5 39. Rc3 Re7 40. Rc5+ Kg6 41. Kb4 Re4+ 42. Kb5 Re3 43. g4 Ra3 44. h5+ Kf6 45. g5+ Ke7 46. Rc7+ Ke6 47. f5+ Kxf5 48. Rxf7+ Kxg5 49. Rxg7+ Kh6 50. Rg2 Kxh5 51. Kb4 Ra7 52. a4 Rb7+ 53. Kc5 Ra7 54. Kb5 Rb7+ 55. Ka6 Rb1 56. a5 h6 57. Ka7 Kh4 58. a6 Kh3 59. Rg7 h5 60. Rb7 Ra1 61. Rb3+ Kg2 62. Kb7 h4 63. a7 h3 1/2-1/2